Alice in Chains - Band Quiz - Statistics

General Stats
  • This quiz has been taken 344 times
  • The average score is 18 of 27
Answer Stats
Question Answer % Correct
Lead vocals, rhythm guitar Layne Staley
97%
Album (1992) Dirt
94%
Lead guitar, vocals, rhythm guitar Jerry Cantrell
94%
Year in which the band was formed 1987
92%
Album (1990) Facelift
92%
City in Washington where the band was formed Seattle
92%
Album (1995) Alice in Chains
90%
EP (1994) Jar Of Flies
88%
Song written about the guitarists father and his Vietnam war experiences Rooster
86%
Bass, backing vocals Mike Starr
85%
EP (1992) Sap
76%
Album (2009) Black Gives Way To Blue
75%
Song that first appeared on the soundtrack of the film "Singles" Would?
75%
Bass, backing vocals Mike Inez
74%
Drums, backing vocals Sean Kinney
74%
Vocals, rhythm guitar William DuVall
72%
EP (1990) We Die Young
71%
First Single We Die Young
71%
Album (2013) The Devil Put Dinosaurs Here
65%
Famous british musician and Sir who played piano on the title track of the 2009 album Elton John
61%
Album (2018) Rainier Fog
52%
Female-fronted rock band multiple members collaborated with (with the latter bassist joining them for an album) Heart
35%
The cover of their third album was banned in this country Japan
25%
Top 10 Billboard Alternative Rock Tracks (U.S.) Heaven Beside You
17%
Top 10 Billboard Alternative Rock Tracks (U.S.) No Excuses
16%
Top 10 Billboard Alternative Rock Tracks (U.S.) Check My Brain
15%
Top 10 Billboard Alternative Rock Tracks (U.S.) Your Decision
6%
No matching quizzes found
Score Distribution
Percent of People with Each Score
Percentile by Number Answered
Your Score History
You have not taken this quiz